Katalog Plus
Bibliothek der Frankfurt UAS
Bald neuer Katalog: sichern Sie sich schon vorab Ihre persönlichen Merklisten im Nutzerkonto: Anleitung.

Grundlagen der Mikroökonomik

Titel: Grundlagen der Mikroökonomik : Ein integrativer Ansatz / von Martin Kolmar
Verfasser:
Ausgabe: 1st ed. 2017
Veröffentlicht: Berlin, Heidelberg : Springer Berlin Heidelberg, 2017
Umfang: 1 Online-Ressource (XIV, 375 Seiten) : 80 Abb.
Format: E-Book
Sprache: Deutsch
RVK-Notation:
Schlagworte:
Andere Ausgaben: Erscheint auch als Druck-Ausgabe: Kolmar, Martin. Grundlagen der Mikroökonomik. - Berlin, Heidelberg : Springer Berlin Heidelberg, 2017
ISBN: 9783662550441 ; 366255044X ; 978--366255043-4
Buchumschlag
X
alg: 41620648
001A    $01999:03-09-17 
001B    $06055:01-12-25 $t03:48:32.000 
001D    $01999:03-09-17 
001U    $0utf8 
001X    $00 
002@    $0Oax 
002C    $aText $btxt $2rdacontent 
002D    $aComputermedien $bc $2rdamedia 
002E    $aOnline-Ressource $bcr $2rdacarrier 
003@    $0416206484 
004A    $A978-3-662-55044-1 
004A    $03-662-55044-X 
004E/04 $0SpringerNature-11775 $fSubject Collection Business and Economics (German Language) 
004O    $A978---366255043-4 $Sp 
004P    $010.1007/978-3-662-55044-1 $SV785 
007A    $0416206484 $aHEB 
007I    $0Springer978-3-662-55044-1 
009P    $qtext/html $3Inhaltsverzeichnis $uhttp://scans.hebis.de/HEBCGI/show.pl?41620648_toc.html $mX:DE-He213 
009P    $qtext/html $3Ausführliche Beschreibung $uhttp://scans.hebis.de/HEBCGI/show.pl?41620648_aub.html $mX:DE-He213 
009Q    $SV785 $uhttps://doi.org/10.1007/978-3-662-55044-1 $xR 
010@    $ager 
010E    $erda 
011@    $a2017 
013D    $RAnleitung $RRatgeber $#Abriss $#Leitfaden $#Programmierte Einführung Formschlagwort $#Repetitorium Formschlagwort $#Populärwissenschaftliche Darstellung Formschlagwort $#Kompendium Einführung $#Lehrbuch Einführung $74151278-9 $8Einführung [Ts1] $9085626856 
017B    $aZDB-2-SWI 
021A    $aGrundlagen der Mikroökonomik $dEin integrativer Ansatz $hvon Martin Kolmar 
028A    $aKolmar $BVerfasser $dMartin $4aut 
032@    $a1st ed. 2017 
033A    $pBerlin, Heidelberg $nSpringer Berlin Heidelberg 
033E    $pCham $nSpringer International Publishing AG 
034D    $a1 Online-Ressource (XIV, 375 Seiten) 
034M    $a80 Abb. 
039D    $aErscheint auch als $tGrundlagen der Mikroökonomik $dBerlin, Heidelberg $eSpringer Berlin Heidelberg $f2017 $z978-3-662-55043-4 $lKolmar, Martin $nDruck-Ausgabe 
044A    $aMicroeconomics $S#0 $N650 
044A    $aLaw and economics $S#0 $N650 
044A    $aInternational economic relations $S#0 $N650 
044A    $aEnvironmental economics $S#0 $N650 
044A    $aMicroeconomics $S14 $N650 
044A    $aLaw and Economics $S24 $N650 
044A    $aInternational Economics $S24 $N650 
044A    $aEnvironmental Economics $S24 $N650 
044K    $RWirtschaftstheorie $RVolkswirtschaftslehre $#Microeconomics $#Microéconomie $#Microeconomía $#Mikroökonomik $#Mikroökonomie $#Mikroökonomie $#Mikroökonomik $74039225-9 $8Mikroökonomie [Ts1] $9085106909 
045B    $a338.5 $eDDC23eng 
045E    $c330 
045Z    $8QC 100 [Tkv] $9411124374 

lok: 41620648 3
101B    $024-04-23 $t17:08:36.000 
101C    $028-05-19 
101U    $0utf8 
145S/01 $a008 

exp: 41620648 3 1 #EPN
201B/01 $028-05-19 $t15:30:49.000 
201U/01 $0utf8 
203@/01 $0100662497X 
204P/01 $010.1007/978-3-662-55044-1 $SV785 
208@/01 $a03-09-17 $bl 
209B/01 $a502 $x05 

lok: 41620648 5

exp: 41620648 5 1 #EPN
201B/01 $003-09-17 $t22:08:31.325 
201U/01 $0utf8 
203@/01 $01006624988 
204P/01 $010.1007/978-3-662-55044-1 $SV785 
208@/01 $a03-09-17 $bl 

lok: 41620648 8

exp: 41620648 8 1 #EPN
201B/01 $003-09-17 $t22:08:31.328 
201U/01 $0utf8 
203@/01 $01006624996 
204P/01 $010.1007/978-3-662-55044-1 $SV785 
208@/01 $a03-09-17 $bl 

lok: 41620648 10

exp: 41620648 10 1 #EPN
201B/01 $003-09-17 $t22:08:31.331 
201U/01 $0utf8 
203@/01 $01006625003 
204P/01 $010.1007/978-3-662-55044-1 $SV785 
208@/01 $a03-09-17 $bl 

lok: 41620648 11

exp: 41620648 11 1 #EPN
201B/01 $003-09-17 $t22:08:31.336 
201U/01 $0utf8 
203@/01 $01006625011 
204P/01 $010.1007/978-3-662-55044-1 $SV785 
208@/01 $a03-09-17 $bl 

lok: 41620648 20

exp: 41620648 20 1 #EPN
201B/01 $003-09-17 $t22:08:31.340 
201U/01 $0utf8 
203@/01 $0100662502X 
204P/01 $010.1007/978-3-662-55044-1 $SV785 
208@/01 $a03-09-17 $bl 

lok: 41620648 21

exp: 41620648 21 1 #EPN
201B/01 $003-09-17 $t22:08:31.343 
201U/01 $0utf8 
203@/01 $01006625038 
204P/01 $010.1007/978-3-662-55044-1 $SV785 
208@/01 $a03-09-17 $bl 

lok: 41620648 23

exp: 41620648 23 1 #EPN
201B/01 $003-09-17 $t22:08:31.346 
201U/01 $0utf8 
203@/01 $01006625046 
204P/01 $010.1007/978-3-662-55044-1 $SV785 
208@/01 $a03-09-17 $bl 

lok: 41620648 25

exp: 41620648 25 1 #EPN
201B/01 $017-07-18 $t18:47:47.000 
201U/01 $0utf8 
203@/01 $01006625054 
204P/01 $010.1007/978-3-662-55044-1 $SV785 
208@/01 $a03-09-17 $bl 
209A/01 $a000 28B 434 $h28B 434 $x01 

lok: 41620648 49

exp: 41620648 49 1 #EPN
201B/01 $003-09-17 $t22:08:31.356 
201U/01 $0utf8 
203@/01 $01006625070 
204P/01 $010.1007/978-3-662-55044-1 $SV785 
208@/01 $a03-09-17 $bl 

lok: 41620648 204

exp: 41620648 204 1 #EPN
201B/01 $003-09-17 $t22:08:31.360 
201U/01 $0utf8 
203@/01 $01006625089 
204P/01 $010.1007/978-3-662-55044-1 $SV785 
208@/01 $a03-09-17 $bl 

lok: 41620648 205

exp: 41620648 205 1 #EPN
201B/01 $014-12-17 $t14:33:09.000 
201U/01 $0utf8 
203@/01 $01006625097 
204P/01 $010.1007/978-3-662-55044-1 $SV785 
208@/01 $a14-12-17 $bla 
209B/01 $aebo $x05 
209B/01 $aspw $x06 
209C/01 $anel1712qa
LEADER 00000cam a22000002c 4500
001 416206484
003 DE-603
005 20251201034832.0
007 cr||||||||||||
008 170903s2017 xx |||| o| u00||u|ger c
020 |a 9783662550441 
020 |a 366255044X 
024 7 |a 10.1007/978-3-662-55044-1  |2 doi 
028 5 2 |a SpringerNature-11775 
035 |a (DE-599)HEB416206484 
040 |a DE-603  |b ger  |c DE-603  |d DE-603  |e rda 
041 |a ger 
082 7 |a 338.5  |2 23/eng 
084 |a 330  |q DE-101  |2 sdnb 
084 |a QC 100  |0 (DE-625)141244:  |0 (DE-603)411124374  |2 rvk 
100 1 |a Kolmar, Martin  |e Verfasser  |4 aut 
245 0 0 |a Grundlagen der Mikroökonomik  |b Ein integrativer Ansatz  |c von Martin Kolmar 
250 |a 1st ed. 2017 
264 1 |a Berlin, Heidelberg  |b Springer Berlin Heidelberg  |c 2017 
264 2 |a Cham  |b Springer International Publishing AG 
300 |a 1 Online-Ressource (XIV, 375 Seiten)  |b 80 Abb. 
336 |a Text  |b txt  |2 rdacontent 
337 |a Computermedien  |b c  |2 rdamedia 
338 |a Online-Ressource  |b cr  |2 rdacarrier 
650 7 |a Mikroökonomie  |0 (DE-588)4039225-9  |0 (DE-603)085106909  |2 gnd 
655 7 |a Einführung  |2 gnd-content  |0 (DE-588)4151278-9  |0 (DE-603)085626856 
776 0 8 |i Erscheint auch als  |n Druck-Ausgabe  |a Kolmar, Martin  |t Grundlagen der Mikroökonomik  |d Berlin, Heidelberg : Springer Berlin Heidelberg, 2017  |z 9783662550434 
776 1 |z 978--366255043-4 
856 |u https://doi.org/10.1007/978-3-662-55044-1  |x Resolving-System 
856 4 2 |m X:DE-He213  |q text/html  |u http://scans.hebis.de/HEBCGI/show.pl?41620648_toc.html  |3 Inhaltsverzeichnis 
856 4 2 |m X:DE-He213  |q text/html  |u http://scans.hebis.de/HEBCGI/show.pl?41620648_aub.html  |3 Ausführliche Beschreibung 
912 |a ZDB-2-SWI 
924 1 |9 603  |a (DE-603)100662497X  |b DE-603  |c HES  |d d 
924 1 |9 603  |a (DE-603)1006624988  |b DE-603  |c HES  |d d 
924 1 |9 603  |a (DE-603)1006624996  |b DE-603  |c HES  |d d 
924 1 |9 603  |a (DE-603)1006625003  |b DE-603  |c HES  |d d 
924 1 |9 603  |a (DE-603)1006625011  |b DE-603  |c HES  |d d 
924 1 |9 603  |a (DE-603)100662502X  |b DE-603  |c HES  |d d 
924 1 |9 603  |a (DE-603)1006625038  |b DE-603  |c HES  |d d 
924 1 |9 603  |a (DE-603)1006625046  |b DE-603  |c HES  |d d 
924 1 |9 603  |a (DE-603)1006625054  |b DE-603  |c HES  |d d 
924 1 |9 603  |a (DE-603)1006625070  |b DE-603  |c HES  |d d 
924 1 |9 603  |a (DE-603)1006625089  |b DE-603  |c HES  |d d 
924 1 |9 603  |a (DE-603)1006625097  |b DE-603  |c HES  |d d